[Event "Olympiad Women-45"]
[Site "Budapest"]
[Date "2024.09.15"]
[Round "5.9"]
[White "Dolgova, Olga"]
[Black "Khademalsharieh, Sarasadat"]
[Result "0-1"]
[WhiteElo "2171"]
[BlackElo "2468"]
[PlyCount "80"]
[EventDate "2024.09.11"]
[EventType "team-swiss"]
[EventRounds "11"]
[EventCountry "HUN"]
[SourceTitle "EXT 2025"]
[Source "ChessBase"]
[SourceDate "2024.10.14"]
[SourceVersion "1"]
[SourceVersionDate "2024.10.14"]
[SourceQuality "1"]
[WhiteTeam "Norway (W)"]
[BlackTeam "Spain (W)"]
[WhiteTeamCountry "NOR"]
[BlackTeamCountry "ESP"]

1. d4 Nf6 2. Bf4 d5 3. e3 e6 4. Nf3 c5 5. Nbd2 Nc6 6. c3 cxd4 7. Nxd4 Be7 8. Bd3 0-0 9. 0-0 Nd7 10. Bg3 e5 11. Nf5 Bf6 12. Bc2 Nb6 13. e4 Bxf5 14. exf5 e4 15. Bf4 Re8 16. Qh5 Rc8 17. Rae1 Ne5 18. f3 Nd3 19. Bxd3 exd3 20. g4 g6 21. fxg6 hxg6 22. Qh3 Nc4 23. Nxc4 dxc4 24. Qg2 b5 25. Qd2 Qd5 26. Kg2 b4 27. Rxe8+ Rxe8 28. Re1 Rc8 29. Rc1 Qa5 30. Bd6 Bg5 31. f4 Qd5+ 32. Kg1 Bd8 33. Be5 Bb6+ 34. Bd4 bxc3 35. bxc3 Bxd4+ 36. cxd4 Qxd4+ 37. Qf2 Qxf2+ 38. Kxf2 d2 39. Ra1 Re8 40. Rd1 c3 0-1

[Event "Olympiad Women-45"]
[Site "Budapest"]
[Date "2024.09.14"]
[Round "4.6"]
[White "Khademalsharieh, Sarasadat"]
[Black "Munkhzul, Turmunkh"]
[Result "1/2-1/2"]
[WhiteElo "2468"]
[BlackElo "2256"]
[PlyCount "51"]
[EventDate "2024.09.11"]
[EventType "team-swiss"]
[EventRounds "11"]
[EventCountry "HUN"]
[SourceTitle "EXT 2025"]
[Source "ChessBase"]
[SourceDate "2024.10.14"]
[SourceVersion "1"]
[SourceVersionDate "2024.10.14"]
[SourceQuality "1"]
[WhiteTeam "Spain (W)"]
[BlackTeam "Mongolia (W)"]
[WhiteTeamCountry "ESP"]
[BlackTeamCountry "MGL"]

1. d4 Nf6 2. c4 e6 3. Nf3 d5 4. cxd5 exd5 5. Nc3 c6 6. Qc2 Be7 7. Bg5 g6 8. e3 Bf5 9. Bd3 Bxd3 10. Qxd3 0-0 11. Bxf6 Bxf6 12. h4 Nd7 13. h5 Re8 14. Kf1 Bg7 15. g3 Qe7 16. Kg2 Rad8 17. Rh4 g5 18. Rhh1 h6 19. Rab1 Qe6 20. Rbe1 f5 21. Qc2 Nb6 22. b3 Qf7 23. Ne2 Qe6 24. Nc3 Qf7 25. Ne2 Qe6 26. Nc3 1/2-1/2

[Event "Julius Baer WSCC Blitz"]
[Site "Chess.com INT"]
[Date "2024.08.28"]
[Round "1.16"]
[White "Khademalsharieh, Sarasadat"]
[Black "Lee, Alice"]
[Result "1-0"]
[WhiteElo "2489"]
[BlackElo "2381"]
[PlyCount "113"]
[EventDate "2024.08.22"]
[EventType "k.o. (blitz)"]
[EventRounds "16"]
[EventCountry "GER"]
[SourceTitle "CBM 221 Extra"]
[Source "ChessBase"]
[SourceDate "2024.09.30"]
[SourceVersion "1"]
[SourceVersionDate "2024.09.30"]
[SourceQuality "1"]

1. d4 d5 2. c4 dxc4 3. Nf3 Nf6 4. e3 e6 5. Bxc4 a6 6. 0-0 c5 7. Re1 b5 8. Bf1 Bb7 9. a4 c4 10. axb5 axb5 11. Rxa8 Bxa8 12. b3 Bb4 13. Bd2 Bxd2 14. Nbxd2 0-0 15. bxc4 bxc4 16. Nxc4 Bd5 17. Ncd2 Qa5 18. Qa1 Qc7 19. Rc1 Qb7 20. Rb1 Qc6 21. Ne5 Qc2 22. Qb2 Qxb2 23. Rxb2 Nc6 24. Nxc6 Bxc6 25. f3 Rd8 26. Kf2 Kf8 27. Nc4 Bd5 28. Ne5 Nd7 29. Nxd7+ Rxd7 30. Bd3 h6 31. h4 h5 32. e4 Bb7 33. Ke3 Ke7 34. Rb5 g6 35. Rb6 Rc7 36. g4 hxg4 37. fxg4 Bc8 38. Rb2 Rc1 39. Rc2 Rxc2 40. Bxc2 e5 41. g5 exd4+ 42. Kxd4 Bb7 43. Ke5 Bc8 44. Bb3 Bd7 45. Bd5 Bc8 46. Bc4 Bd7 47. Be2 Bc8 48. Kf4 f6 49. Bg4 Bb7 50. gxf6+ Kxf6 51. e5+ Kg7 52. Bd7 Bd5 53. Kg5 Be4 54. e6 Bd5 55. e7 Bf7 56. Bc6 Kg8 57. Kf6 1-0